Local capital markets for environmental infrastructure prospects in China, Kazakhstan, Russia and Ukraine

Gespeichert in:
Bibliographische Detailangaben
Format: Buch
Sprache:Englisch
Veröffentlicht: Paris OECD 2006
Schriftenreihe:Environmental finance
Schlagworte:
Tags: Tag hinzufügen
Keine Tags, Fügen Sie das erste Tag hinzu!

MARC

LEADER 00000nam$a2200000$$$4500
001 0054362
005 20240315120902.8
020 |a 92-64-03595-8 
041 0 |a eng 
044 |a FR 
245 1 0 |a Local capital markets for environmental infrastructure  |b prospects in China, Kazakhstan, Russia and Ukraine 
264 1 |a Paris  |b OECD  |c 2006 
300 |a 254 s. 
490 1 |a Environmental finance 
830 0 |a Environmental finance 
610 2 0 |a prostredie životné 
610 2 0 |a financovanie 
610 2 0 |a trh kapitálový 
610 2 0 |a porovnanie medzinárodné 
610 2 0 |a Čína 
610 2 0 |a Kazachstan 
610 2 0 |a Rusko 
610 2 0 |a Ukrajina